000 00811cam a2200241 a 4500
001 12440467
005 20250322112058.0
008 010613s2002 njua b 001 0 eng
020 _a0130942871 (pbk.)
020 _a9780130942876
050 0 0 _aLB1570
_b.E4254 2002
082 0 0 _a375/.001
_221
100 1 _aEisner, Elliot W.
245 1 4 _aThe educational imagination :
_bon the design and evaluation of school programs /
_cElliot W. Eisner.
250 _a3rd ed.
260 _aUpper Saddle River, N.J. :
_bPrentice Hall,
_cc2002.
300 _aix, 389 p. :
_bill. ;
_c24 cm.
650 0 _aCurriculum planning
_zUnited States.
650 0 _aEducation
_xAims and objectives
_zUnited States.
650 0 _aCurriculum evaluation.
650 0 _aCurriculum change
_zUnited States.
942 _2lcc
_cBK
_e3rd Ed.
_n0
999 _c5080
_d5080